[Event "Hamburg-ch MB"]
[Site "Hamburg"]
[Date "2018.05.23"]
[Round "5"]
[White "Christensen, Andreas"]
[Black "Schwarzmann, Isja"]
[Result "0-1"]
[WhiteElo "1808"]
[BlackElo "2044"]
[PlyCount "64"]
[EventDate "2018.05.19"]
[EventType "swiss"]
[EventRounds "9"]
[EventCountry "GER"]
[SourceTitle "EXT 2020"]
[Source "ChessBase"]
[SourceDate "2019.10.17"]
[SourceVersion "1"]
[SourceVersionDate "2019.10.17"]
[SourceQuality "1"]

1. e4 c5 2. Nf3 Nc6 3. d4 cxd4 4. Nxd4 Nf6 5. Nc3 e5 6. Ndb5 d6 7. Bg5 a6 8. Na3 b5 9. Nd5 Be7 10. Bxf6 Bxf6 11. c3 0-0 12. Nc2 Bg5 13. a4 bxa4 14. Rxa4 a5 15. Bc4 Rb8 16. b3 Kh8 17. h4 Bh6 18. g4 Bf4 19. g5 Be6 20. Nxf4 exf4 21. Nd4 Bxc4 22. Rxc4 Ne5 23. Nc6 Nxc6 24. Rxc6 Qe8 25. Rc4 Qe6 26. f3 Rb5 27. h5 Rfb8 28. Qd4 Rxb3 29. h6 Qe5 30. Qa7 Qxg5 31. Rc7 Qg2 32. hxg7+ Kg8 0-1

[Event "Hamburg-ch MB"]
[Site "Hamburg"]
[Date "2018.05.22"]
[Round "4"]
[White "Schwarzmann, Isja"]
[Black "Von Elsner, Mathias"]
[Result "0-1"]
[WhiteElo "2044"]
[BlackElo "1802"]
[PlyCount "69"]
[EventDate "2018.05.19"]
[EventType "swiss"]
[EventRounds "9"]
[EventCountry "GER"]
[SourceTitle "EXT 2020"]
[Source "ChessBase"]
[SourceDate "2019.10.17"]
[SourceVersion "1"]
[SourceVersionDate "2019.10.17"]
[SourceQuality "1"]

1. e4 c6 2. d3 d5 3. Nd2 e5 4. Ngf3 Bg4 5. Be2 Bd6 6. 0-0 Nf6 7. Re1 0-0 8. Bf1 Re8 9. h3 Bh5 10. g4 dxe4 11. dxe4 Bg6 12. Bg2 Na6 13. Nh4 Bc5 14. Nf5 Qb6 15. Qe2 Rad8 16. a3 Nc7 17. Qf3 Ne6 18. Nc4 Qc7 19. b4 Nd4 20. Nxd4 Bxd4 21. c3 b5 22. cxd4 bxc4 23. dxe5 Qxe5 24. Bf4 Qb5 25. Rad1 h6 26. Qe2 Rxd1 27. Qxd1 Bxe4 28. Bxe4 Rxe4 29. Rxe4 Nxe4 30. Kf1 c3+ 31. Qe2 Qd5 32. Ke1 Ng5 33. Bxg5 hxg5 34. f3 g6 35. Qc2 0-1